Zero calories McDonald's Quiz Stats

 Plays Quiz not verified by Sporcle

Challenge
Share
Tweet
Embed
Score 0/5 Timer 01:30
0 Plays Today
Hint Answer % Correct
Water
94.7%
Diet Coke
57.9%
Iced Tea
46.1%
Coffee
38.2%
Diet Dr Pepper
23.7%

You're not logged in!

Compare scores with friends on all Sporcle quizzes.
Join for Free
OR
Log In

You Might Also Like...

Show Comments

Extras

Created Oct 31, 2014ReportNominate
Tags:colory, item, mcdonald, order, zero

Top Quizzes Today


Score Distribution

Your Account Isn't Verified!

In order to create a playlist on Sporcle, you need to verify the email address you used during registration. Go to your Sporcle Settings to finish the process.

Report this User

Report this user for behavior that violates our Community Guidelines.

Details: